Мемуари до історії Південної Русі (Запис № 17390)

000 -Маркер запису
Контрольне поле сталої довжини 02282nam a22002417a 4500
003 - Належність контрольного номера
Контрольне поле Uzh_bibl
008 - Кодовані дані
Контрольне поле сталої довжини 260420b |||||||| |||| 00| 0 ukr d
020 ## - Індекс ISBN
ISBN 966-511-294-5
Ціна 22.98
080 ## - Індекс УДК
Індекс УДК 94(477)
090 ## - Шифри
Поличний індекс 94(477)
Авторський знак М 49
100 ## - Автор
Автор
245 ## - Назва
Назва Мемуари до історії Південної Русі
Відповідальність передм.Мороз В.С.
Фізичний носій Текст
260 ## - Вихідні дані
Місце видання Дніпропетровськ
Видавництво Січ
Дата видання 2006
300 ## - Фізичний опис
Обсяг 439 с.
Тип одиниці В опр.
490 ## - Серія
№ тому Випуск 2 (перша половина XVII ст.)
520 ## - Анотація
Анотація До другого випуску книги за редакцією В.Б.Антоновича (1834–1908) – історика, археографа, професора історії Київського університету – ввійшли мемуари першої половини ХѴІІ століття: “Щоденник новгородського підсудка Федора Євлашевського” (1564–1604); “Історія Хотинського походу Якова Собеського” (1621); “Щоденник походу проти козаків запорозьких” (1625) з додатком “Куруківська угода”; “Відомості про похід до Криму Михайла Дорошенка” (1628); “Щоденник Симеона Окольського” (1637–1638) з додатками “Доповнення Самійла Величка” та “Ординація Війська Запорозького реєстрового”; “Опис України Боплана” (1630–1643); “Сказання про невільників, які втекли з турецької каторги” (1643) та “Щоденник Богуслава Машкевича” (1643–1649).<br/>Збірник виходить через 110 років з часу першого видання.
521 ## - Примітка про цільове призначення
Примітка про цільове призначення Для широкого кола читачів
546 ## - Примітка про мову
Примітка про мову укр.
650 ## - Тематичні рубрики
Основна рубрика Документальне видання
Типове ділення Історія України
653 ## - Ключові слова
Ключові слова Козаки
-- Турецька каторга
-- Похід до Криму
655 ## - Термін індексування — жанр/форма
Жанр/форма Мемуари
942 ## - ADDED ENTRY ELEMENTS (KOHA)
Джерело класифікації чи схема поличного розташування
Koha item type Книги
Фонди
Статус вилучення Статус втрати/відсутності Джерело класифікації чи схема поличного розташування Статус пошкодження Тип обігу (не для випозичання) Постійне розташування Поточне розташування Розташування у відділі Дата надходження Інвентарний номер Total Checkouts Повний (примірниковий) шифр зберігання Штрих-код Date last seen Дата, для якої чинна ціна заміни Тип одиниці (рівень примірника)
          Публічна бібліотека Публічна бібліотека Абонемент 20/04/2026 56746   94(477) 19318 20/04/2026 20/04/2026 Книги

Працює на АБІС Коха